000 00319nam a22001337a 4500
008 171006b xxu||||| |||| 00| 0 eng d
020 _a9780060402945
041 _aeng
080 _a159.9
100 _a49
101 _aPSI
245 _aSOCIAL PSYCHOLOGY THE HEART AND THE MIND
_cWILSON.T.D
942 _2udc
_cBK
999 _c32378
_d32378